Šesť objednávok za sekundu
Predvianočný čas ako jedno za najdôležitejších období roka pre firmy. Pripravenosť predajcov v podobe zaujímavých vianočných kampaní. Trendy posledných rokov.
Uložené v:
| Hlavný autor: | |
|---|---|
| Médium: | Kapitola |
| Jazyk: | Slovak |
| Predmet: | |
| Tagy: |
Žiadne tagy, Buďte prvý, kto otaguje tento záznam!
|
MARC
| LEADER | 00000naa a2200000 4500 | ||
|---|---|---|---|
| 001 | 0259941 | ||
| 005 | 20191127094914.6 | ||
| 041 | 0 | |a slo | |
| 044 | |a SK | ||
| 245 | 1 | 0 | |a Šesť objednávok za sekundu |c Michaela Petrášová |
| 520 | |a Predvianočný čas ako jedno za najdôležitejších období roka pre firmy. Pripravenosť predajcov v podobe zaujímavých vianočných kampaní. Trendy posledných rokov. | ||
| 610 | 2 | 0 | |a správanie spotrebiteľa |
| 610 | 2 | 0 | |a marketing |
| 610 | 2 | 0 | |a kampane reklamné |
| 610 | 2 | 0 | |a obchod elektronický |
| 610 | 2 | 0 | |a objednávky |
| 100 | 1 | |a Petrášová, Michaela | |